00557nam a2200193Ia 4500008004100000082002500041100002200066245003900088250001800127260003700145260003100182260000900213300001000222500004300232650001000275650003300285650001500318650003000333260312s9999 xx 000 0 und d a322.1 F826c 1979 HNA aFrancou, Francois 0aChile: el socialismo y la iglesia. a1a. edición aObra Nacional de la buena prensa bDistrito Federal, México c1979 a208p. aColección Humberto Nogueira Alcalá aChile aIglesia y problemas sociales aSocialismo aSocialismo y cristianismo